000
00306nam a2200121 a 4500
001
4140
005
20140414131935.0
008
090218s19uu xx 00 eng d
050
_a
REF 595.78
_b
H49 2004
100
_a
Hewitt, Sally
245
_a
Life cycles from caterpillar to butterflies.
999
_c
112396
_d
112396